000 00255nam a2200109Ia 4500
008 190216s9999||||xx |||||||||||||| ||und||
100 _aAswathappa
245 0 _aOrganisational Behaviour
260 _bSulthan Chand&Sons
_c1999
300 _a676
942 _cBK
999 _c7173
_d7173